| 000 | 01135nam a22002777a 4500 | ||
|---|---|---|---|
| 005 | 20240530110540.0 | ||
| 008 | 160507s2013 ua ||||g |||| 00| 0da d | ||
| 020 | _a978977281453X | ||
| 040 | _aEG-CaGPL | ||
| 041 | 1 | 0 |
_aara _heng |
| 082 | 0 | 4 |
_a210.96 / _bس ا _221 |
| 100 | 1 | _aسواريز، بنجامين | |
| 240 | 1 | 0 |
_aIslam and Muslim Politics in Africa. _lArabic. |
| 245 | 1 | 2 |
_aالاسلام وسياسة المسلمين فى افريقيا / _cبنجامين سواريس، رينيه عتيق ؛ ترجمة عوض محمد الحسن ؛ مراجعة فيصل عوض. |
| 250 | _aط. 1. | ||
| 260 |
_aالقاهرة : _bالمكتبة الاكاديمية، _c2013. |
||
| 300 |
_a391 ص ؛ _c24 سم. |
||
| 546 | _aالنص مترجم باللغة العربية. | ||
| 650 | 0 | 4 | _aالاسلام في افريقيا |
| 651 | 0 | 4 |
_aافريقيا _xتاريخ _yالعصر الاسلامي |
| 700 | 1 |
_aعتيق، رينيه _eمؤلف مشارك. |
|
| 700 | 0 |
_aعوض محمد الحسن _eمترجم. |
|
| 700 | 0 |
_aفيصل عوض _eمراجع. |
|
| 942 |
_2ddc _cBK |
||
| 999 |
_c62241 _d62241 |
||